000
00305pam a2200121a 44500
008
230405s2005 xxu||||| |||| 00| 0 eng d
041
_a
ENG
100
_a
Turner et al
245
_a
Instant Notes molecular Biology
260
_a
_b
Taylor and francis group llc 270
_c
2005
300
_a
370
906
_a
9265
999
_c
299764
_d
299764